| 000 | 00542nam a2200181Ia 4500 | ||
|---|---|---|---|
| 003 | GCL | ||
| 008 | 140319s9999 xx 000 0 ara d | ||
| 040 |
_aGCL / _cGCL |
||
| 082 | 0 | 4 |
_a620.1 _bب م |
| 100 | 1 | _aبشير عبدالسلام ابورويك | |
| 245 | 1 | 0 |
_aميكانيكا الموائع / _cبشير عبدالسلام ابورويك |
| 300 | _a155 ص | ||
| 490 |
_a100 قصة _v0 |
||
| 650 | 0 | 4 | _aالتكنولوجيا |
| 650 | 0 | 4 | _aالميكانيكا |
| 650 | 0 | 4 | _aالميكانيكا الهندسية |
| 942 |
_2ddc _cBK |
||
| 999 |
_c44160 _d44160 |
||